Crítica al ALCA /

Guardado en:
Bibliografiske detaljer
Hovedforfatter: Suárez Montoya, Aurelio (autor)
Format: Bog
Sprog:spansk
Udgivet: Bogotá, Colombia : Aurora, 2004, c2004
Udgivelse:2a edición
Fag:
Tags: Tilføj Tag
Ingen Tags, Vær først til at tagge denne postø!

MARC

LEADER 00000nam^a2200000^a^4500
001 000194715
005 20250521000000.0
009 20260310102725.673
020 |a 958-9136-19-2 
037 |a Acervo ITESO - Biblioteca 
041 |a ESP 
082 |a 382. 980  |b SUA 
100 |a Suárez Montoya, Aurelio  |e (autor) 
245 1 0 |a Crítica al ALCA /  |c A. Suárez Montoya 
250 |a 2a edición 
264 4 |a Bogotá, Colombia :  |b Aurora,  |c 2004, c2004 
300 |a 233 p. 
336 |a texto  |b txt  |2 rdacontenido 
337 |a sin mediación  |b n  |2 rdamedio 
338 |a volumen  |b nc  |2 rdasoporte 
649 |a XX 
650 |a Area de Libre Comercio de las Américas -  |x Tema Principal 
650 |a Apertura Comercial e Integración Económica -  |z Latinoamérica 
650 |a Tratados Comerciales Internacionales -  |z Latinoamérica 
650 |a Tratados Internacionales -  |z Latinoamérica 
650 |a Tratados Internacionales -  |z Latinoamérica 
650 |a Comercio Exterior -  |z Latinoamérica 
650 |a Comercio Internacional -  |z Latinoamérica 
650 |a Desarrollo Regional -  |z Latinoamérica 
650 |a Desarrollo Económico-Social -  |z Latinoamérica 
650 |a Economía -  |z Latinoamérica -  |x Historia -  |y 2000-2009 
650 |a Latinoamérica -  |x Condiciones Económicas 
910 |a Fondo General 
920 |a Impresos - Libros 
930 |a Colección General 
905 |a 101 
901 |a 0500139790  |b IT1  |c ACC  |u 20250521 
902 |a https://opac.biblio.iteso.mx/vufind/Record/000194715